000 00419nam a2200145Ia 4500
005 20250704020420.0
008 240331s9999 xx 000 0 und d
082 _bBAS
_a954
100 _aBasham,A.L
245 0 _aAsirimath Indiyawa
260 _aDehiwala
_bThisara Publishers
_c1965
300 _a688 p .,
500 _aA Survey of the culture of the Indian subcontinent before the arrival of the Muslims
942 _cL
999 _c5286
_d5286